[Event "AUTO-INT-2798"]
[Site "http://www.queenalice.com/game.php?id=1251254"]
[Date "2014.1.25"]
[Round "1"]
[White "rlenttini"]
[Black "Golsen"]
[Result "0-1"]
[WhiteElo "1362"]
[BlackElo "1479"]

1. d4 d5 2. c4 Nf6 3. Nf3 dxc4 4. Nc3 g6 5. e4 Bg4 6. Bxc4 Bxf3 7. Qxf3 Qxd4 8.
Qd3 Qc5 9. Be3 Qb4 10. b3 Bg7 11. f3 O-O 12. O-O Nxe4 13. a3 Qa5 14. b4 Qh5 15.
fxe4 Be5 16. Bf4 Nc6 17. b5 Bd4+ 18. Be3 Rad8 19. bxc6 Be5 20. Qc2 Qxh2+ 21. Kf2
Qg3+ 22. Ke2 Qxg2+ 23. Rf2 Qg4+ 24. Rf3 Bxc3 25. Bh6 Bxa1 26. Bxf8 Rxf8 27. cxb7
Rb8 28. Bxf7+ Kh8 29. Qxc7 Qxe4+ 30. Re3 Qg2+ 31. Kd3 Rxb7 32. Qc8+ Kg7 33. Qg8+
Kh6 34. Bd5 Rd7 35. Re4 Qf3+ 36. Kc4 Qc3+ 37. Kb5 Qd3+ 38. Kc6 Rd6+ 39. Kc5 Qc3+
40. Rc4 Qxa3+ 41. Rb4 Qa5+ 42. Kc4 Qc7+ 43. Kb3 Qc3+ 44. Ka4 Ra6+ 45. Kb5 Rb6+
46. Ka5 Qxb4# 0-1

[Event "OS INCLIVEIS"]
[Site "http://www.queenalice.com/game.php?id=1253644"]
[Date "2014.2.3"]
[Round "-"]
[White "adelio"]
[Black "Golsen"]
[Result "0-1"]
[WhiteElo "1961"]
[BlackElo "1542"]

1. d4 d5 2. e4 dxe4 3. Nc3 Nf6 4. f3 exf3 5. Nxf3 g6 6. Bc4 Bg7 7. O-O O-O 8.
Ng5 e6 9. Nce4 Nxe4 10. Nxe4 Bxd4+ 11. Kh1 f5 12. Ng5 Qf6 13. Rf3 h6 14. Bxe6+
Bxe6 15. Nxe6 Qxe6 16. Bxh6 Rd8 17. c3 Bf6 18. Qb3 Rd5 19. Qxb7 Qc6 20. Qb4 Na6
21. Qf4 Rad8 22. Rff1 Qd7 23. Qc4 Kh7 24. Qxa6 Rd1 25. Be3 Rxf1+ 26. Qxf1 Qe6
27. Re1 Qxa2 28. Qf4 Kg8 29. Qh6 Bg7 30. Qxg6 Qf7 31. Qg5 Re8 32. Rd1 Qe7 33.
Qxe7 Rxe7 34. Bg1 Re2 35. g3 Rxb2 36. Bd4 a5 37. h4 a4 38. h5 a3 39. Bxg7 a2 40.
Rd8+ Kxg7 41. Rd1 Rb1 42. Rxb1 axb1=Q+ 43. Kh2 Kh6 44. c4 Kxh5 45. c5 Kg4 46. c6
Qc2+ 47. Kg1 Kxg3 48. Kf1 Qf2# 0-1

[Event "Challenge"]
[Site "http://www.queenalice.com/game.php?id=1254881"]
[Date "2014.2.9"]
[Round "-"]
[White "serard1"]
[Black "Golsen"]
[Result "1-0"]
[WhiteElo "1451"]
[BlackElo "1562"]

1. d4 Nf6 2. e3 g6 3. Bd3 Bg7 4. Nc3 O-O 5. f4 d5 6. Nf3 Bg4 7. h3 Bxf3 8. Qxf3
Nc6 9. f5 g5 10. h4 g4 11. Qf1 e5 12. Bd2 exd4 13. Ne2 dxe3 14. Bxe3 Nb4 15. h5
h6 16. a3 Nxd3+ 17. Kd2 Nxb2 18. Ng3 Ne4+ 19. Nxe4 dxe4+ 20. Ke2 Qd6 21. Bf4
Qa6+ 22. Kf2 Qb6+ 23. Be3 Qb5 24. Qxb5 1-0

[Event "Challenge"]
[Site "http://www.queenalice.com/game.php?id=1255948"]
[Date "2014.2.13"]
[Round "-"]
[White "Enzo1945"]
[Black "Golsen"]
[Result "0-1"]
[WhiteElo "1433"]
[BlackElo "1513"]

1. e4 e5 2. Nf3 Nc6 3. Nc3 b6 4. Bc4 Bb7 5. a3 Nf6 6. Ng5 Qe7 7. Nxf7 Rg8 8. O-O
d5 9. Bxd5 Nxd5 10. Nxd5 Qxf7 11. Qf3 Qd7 12. d3 O-O-O 13. Bg5 Nd4 14. Qh3 Qxh3
15. gxh3 Nf3+ 16. Kg2 Nxg5 17. h4 Ne6 18. f3 Bxd5 19. exd5 Rxd5 20. c4 Rxd3 21.
Rfe1 Nf4+ 22. Kg3 Bd6 23. b4 h5 24. Rac1 g5 25. c5 gxh4+ 26. Kf2 bxc5 27. bxc5
Rd2+ 28. Kf1 Nh3 29. cxd6 Rg1# 0-1

[Event "Challenge"]
[Site "http://www.queenalice.com/game.php?id=1257265"]
[Date "2014.2.16"]
[Round "-"]
[White "Golsen"]
[Black "gsthck"]
[Result "0-1"]
[WhiteElo "1542"]
[BlackElo "1788"]

1. e4 c5 2. Bc4 Nc6 3. Qf3 Ne5 4. Qc3 Nxc4 5. Qxc4 e6 6. Nf3 d5 7. Qb5+ Qd7 8.
Qe2 d4 9. O-O Be7 10. Ne5 Qd6 11. Qb5+ Kf8 12. Nc4 Qc7 13. d3 a6 14. Bf4 axb5
15. Bxc7 bxc4 16. dxc4 b6 17. Bxb6 Rb8 18. Bc7 Rxb2 19. c3 dxc3 20. Nxc3 Bf6 21.
e5 Bg5 22. a4 Ba6 23. Rab1 Rxb1 24. Rxb1 g6 25. Nb5 Kg7 26. Nd6 Ne7 27. a5 Nf5
28. Nxf5+ exf5 29. Rb6 Bxc4 30. e6 fxe6 31. Rb7 Ra8 32. h3 Kf6 33. Bb6 h6 34.
Rc7 Rd8 35. Rxc5 Rd1+ 36. Kh2 Bd5 37. a6 Bf4+ 0-1

[Event "Challenge"]
[Site "http://www.queenalice.com/game.php?id=1259034"]
[Date "2014.2.23"]
[Round "-"]
[White "pj"]
[Black "Golsen"]
[Result "0-1"]
[WhiteElo "1481"]
[BlackElo "1593"]

1. e4 e5 2. c4 Nf6 3. f3 g6 4. g4 Bg7 5. g5 Nh5 6. d3 O-O 7. c5 d6 8. b4 d5 9.
Nc3 d4 10. Nd5 Nc6 11. a3 b6 12. h4 a5 13. bxa5 Rxa5 14. cxb6 cxb6 15. Qc2 Rc5
16. Qa4 b5 17. Qb3 Qa5+ 18. Bd2 Qa7 19. Ne2 b4 20. Nxb4 Be6 21. Nd5 Na5 22. Qb4
Rb8 23. Qa4 Bxd5 24. exd5 Rxd5 25. Kf2 e4 26. fxe4 Rdb5 27. Qc2 Rb2 28. Qc1 Rxd2
29. Qxd2 Nb3 30. Qa2 Nxa1 31. Qxa1 Rb3 32. Nxd4 Bxd4+ 0-1

[Event "Challenge"]
[Site "http://www.queenalice.com/game.php?id=1259035"]
[Date "2014.2.23"]
[Round "-"]
[White "Golsen"]
[Black "pj"]
[Result "1-0"]
[WhiteElo "1605"]
[BlackElo "1469"]

1. e4 e5 2. Bc4 Nf6 3. Nc3 c6 4. Nf3 d6 5. O-O h5 6. Ng5 Be6 7. Bxe6 fxe6 8.
Nxe6 Qe7 9. Nxf8 Kxf8 10. d4 h4 11. h3 exd4 12. Qxd4 Nbd7 13. Bg5 c5 14. Qe3 Ne5
15. Bxf6 gxf6 16. Nd5 Qg7 17. Nc7 Qxc7 18. Qf4 Qg7 19. Rad1 Rd8 20. a3 Rg8 21.
g3 hxg3 22. f3 g2 23. Rf2 Ng6 24. Qg3 Qh7 25. Rxd6 Ke7 26. Rxd8 Kxd8 27. Qb8+
Ke7 28. Qxb7+ Kf8 29. Qxh7 Nf4 30. Qh6+ Rg7 31. Qxf4 Kf7 32. Rxg2 Rxg2+ 33. Kxg2
a5 34. Qc7+ Kg6 35. Qxc5 1-0

[Event "AUTO-INT-2816"]
[Site "http://www.queenalice.com/game.php?id=1261580"]
[Date "2014.3.2"]
[Round "1"]
[White "SalsaKing"]
[Black "Golsen"]
[Result "1-0"]
[WhiteElo "1722"]
[BlackElo "1637"]

1. e4 e5 2. d3 c5 3. Nf3 Nc6 4. Bg5 Qa5+ 5. c3 h6 6. Bd2 Nf6 7. Na3 c4 8. Nxc4
Qb5 9. b3 Ng4 10. h3 Nf6 11. a4 Qc5 12. b4 Qe7 13. b5 d5 14. bxc6 bxc6 15. Ncxe5
dxe4 16. Nxc6 Qc5 17. d4 Qd6 18. Nce5 a6 19. a5 Bd7 20. Bc4 Nd5 21. Nh2 Be7 22.
Nxd7 Rc8 23. Bxd5 Qxd5 24. Nb6 Qb7 25. Qa4+ Rc6 26. d5 O-O 27. Qxe4 Re6 28. Qe3
Rxe3+ 29. Bxe3 Qc7 30. c4 Bb4+ 31. Kf1 Bc5 32. Bxc5 Qxc5 33. g3 f5 34. Kg2 f4
35. Nd7 Qxc4 36. Nxf8 Qxd5+ 37. Nf3 Kxf8 38. Rhd1 Qe4 39. gxf4 Qxf4 40. Rab1 Kg8
41. Rd8+ Kh7 42. Rb6 Qc7 43. Rdd6 h5 44. Ng5+ Kg8 45. Rxa6 Qb7+ 46. f3 Qb2+ 47.
Kg3 Qe5+ 48. f4 Qe3+ 49. Nf3 h4+ 50. Kg4 Qe8 51. Rdb6 Qc8+ 52. Kxh4 Qd8+ 53. Ng5
Qf8 54. Kg4 Qc8+ 55. Re6 g6 56. Ra7 Qf8 57. Rxg6+ 1-0

[Event "AUTO-INT-2816"]
[Site "http://www.queenalice.com/game.php?id=1261581"]
[Date "2014.3.2"]
[Round "1"]
[White "Golsen"]
[Black "SalsaKing"]
[Result "0-1"]
[WhiteElo "1616"]
[BlackElo "1675"]

1. e4 e5 2. Nf3 d6 3. h3 a6 4. Bc4 Qf6 5. O-O Qg6 6. d3 h6 7. Nc3 Be7 8. Nd5
Bxh3 9. Ng5 Bxg5 10. Qf3 Bg4 11. Qxg4 Kd8 12. f4 Bf6 13. Qh3 Ne7 14. f5 Qh7 15.
Bxh6 Nxd5 16. Bxd5 gxh6 17. c4 c6 18. Be6 fxe6 19. fxe6 Qe7 20. Qg4 a5 21. a4
Na6 22. Rad1 Kc7 23. d4 Rhg8 24. Qh3 Rg6 25. d5 Rag8 26. Rf2 Nc5 27. dxc6 b6 28.
Rdf1 Nxe4 29. Rc2 Ng5 30. Qh5 Qxe6 31. Rd2 Kxc6 32. Rd5 Ne4 0-1

[Event "AUTO-INT-2816"]
[Site "http://www.queenalice.com/game.php?id=1261598"]
[Date "2014.3.2"]
[Round "1"]
[White "Golsen"]
[Black "oratio"]
[Result "0-1"]
[WhiteElo "1572"]
[BlackElo "1586"]

1. e4 e6 2. Nc3 d5 3. d4 c5 4. dxc5 Bxc5 5. exd5 exd5 6. Nxd5 Be6 7. Qe2 Qxd5 8.
Bf4 Nc6 9. Nf3 Nf6 10. c3 O-O 11. g3 Rad8 12. Bg2 Rfe8 13. O-O Bg4 14. Qd1 Qc4
15. Qc1 Re2 16. Be3 Bxe3 17. fxe3 Re8 18. Nd2 Qd3 19. Bxc6 Qxe3+ 20. Kh1 bxc6
21. Qe1 Rxe1 22. Raxe1 Qxd2 0-1

[Event "AUTO-INT-2816"]
[Site "http://www.queenalice.com/game.php?id=1261599"]
[Date "2014.3.2"]
[Round "1"]
[White "oratio"]
[Black "Golsen"]
[Result "0-1"]
[WhiteElo "1627"]
[BlackElo "1575"]

1. e4 e5 2. Nf3 Nc6 3. Bc4 h6 4. d4 Bd6 5. O-O exd4 6. c3 Nf6 7. Re1 O-O 8. cxd4
Nxe4 9. Rxe4 Re8 10. Nc3 a6 11. a3 b5 12. Bd3 b4 13. axb4 Nxb4 14. Rg4 Bb7 15.
Bxh6 g6 16. Ra4 Bxf3 17. Qxf3 Nxd3 18. Qxd3 Re1+ 19. Qf1 Rxf1+ 20. Kxf1 Qe7 21.
Nd5 Qe6 22. Ne3 Qb3 23. Rc4 Qxb2 24. Rc2 Qb1+ 25. Ke2 Re8 26. Bg5 Qxc2+ 27. Kf3
Rxe3+ 28. fxe3 Qd1+ 0-1

[Event "AUTO-INT-2816"]
[Site "http://www.queenalice.com/game.php?id=1261600"]
[Date "2014.3.2"]
[Round "1"]
[White "Golsen"]
[Black "joao_messias"]
[Result "1-0"]
[WhiteElo "1557"]
[BlackElo "1601"]

1. e4 e5 2. Nf3 d6 3. Bc4 h6 4. O-O Nf6 5. Nc3 Be7 6. h3 Nc6 7. d4 exd4 8. Nxd4
Nxd4 9. Qxd4 Be6 10. Bxe6 fxe6 11. e5 dxe5 12. Qxe5 O-O 13. Ne4 Bd6 14. Nxf6+
gxf6 15. Qxe6+ Kg7 16. Qg4+ Kf7 17. Bxh6 Rg8 18. Qc4+ Kg6 19. Be3 Qd7 20. Qd3+
Kf7 21. Qh7+ Rg7 22. Qh5+ Ke7 23. Rae1 Be5 24. Bc5+ 1-0

[Event "AUTO-INT-2816"]
[Site "http://www.queenalice.com/game.php?id=1261601"]
[Date "2014.3.2"]
[Round "1"]
[White "joao_messias"]
[Black "Golsen"]
[Result "1-0"]
[WhiteElo "1705"]
[BlackElo "1610"]

1. e4 e5 2. Nf3 Nc6 3. d3 Bc5 4. h3 Nd4 5. Be2 Nxf3+ 6. Bxf3 Qh4 7. O-O Ne7 8.
Nd2 O-O 9. Bg4 d5 10. Bxc8 Raxc8 11. exd5 Nxd5 12. Nf3 Qb4 13. Nxe5 Nf6 14. Nc4
b5 15. a3 Qa4 16. b3 Qa6 17. Ne3 g6 18. Ng4 Nxg4 19. Qxg4 b4 20. Bb2 bxa3 21.
Qg5 Qa5 22. Qf6 Bxf2+ 23. Kxf2 Qd2+ 24. Kg1 Qe3+ 25. Kh1 axb2 26. Qxb2 Rce8 27.
Rfe1 Qf2 28. Rf1 Qg3 29. Rxa7 Re2 30. Rg1 Re1 31. Rxe1 Qxe1+ 32. Kh2 Re8 33. Qf6
Qe5+ 34. Qxe5 Rxe5 35. Rxc7 Re3 36. b4 f5 37. b5 Re5 38. b6 Rb5 39. b7 f4 40.
Rc8+ Kg7 41. b8=Q Rxb8 42. Rxb8 Kh6 43. Re8 Kh5 44. d4 Kh4 45. d5 h5 46. d6 1-0

[Event "AUTO-ADV-3117"]
[Site "http://www.queenalice.com/game.php?id=1270189"]
[Date "2014.4.3"]
[Round "1"]
[White "worldwide"]
[Black "Golsen"]
[Result "1-0"]
[WhiteElo "1923"]
[BlackElo "1624"]

1. d4 e6 2. e4 h6 3. c4 Nf6 4. e5 Ne4 5. Bd3 d5 6. Nf3 Bb4+ 7. Nbd2 Nxd2 8. Bxd2
Bxd2+ 9. Qxd2 O-O 10. O-O-O c6 11. c5 b6 12. g4 bxc5 13. dxc5 Nd7 14. g5 h5 15.
g6 f6 16. Rhg1 Nxc5 17. Nd4 Bd7 18. f4 Nxd3+ 19. Qxd3 Qb6 20. Qh3 Rab8 21. Rg2
Qc5+ 22. Rc2 1-0

[Event "AUTO-ADV-3117"]
[Site "http://www.queenalice.com/game.php?id=1270190"]
[Date "2014.4.3"]
[Round "1"]
[White "Golsen"]
[Black "worldwide"]
[Result "0-1"]
[WhiteElo "1620"]
[BlackElo "1986"]

1. e4 e5 2. Nf3 d6 3. Bc4 h6 4. h3 Nf6 5. Nc3 Nc6 6. O-O g5 7. d4 exd4 8. Nxd4
Nxd4 9. Qxd4 Bg7 10. e5 Nd7 11. Qd5 Nxe5 12. Re1 Be6 13. Qb5+ c6 14. Qb4 Nxc4
15. Qxb7 O-O 16. Qxc6 Ne5 17. Qa6 Bxh3 18. Re3 Bc8 19. Qa4 Ng4 20. Rg3 h5 21.
Ne4 Bh6 22. Qd4 d5 23. Nc5 Bg7 24. Qd3 Qb6 25. Na4 Qxf2+ 26. Kh1 Qe1+ 0-1

[Event "AUTO-ADV-3117"]
[Site "http://www.queenalice.com/game.php?id=1270195"]
[Date "2014.4.3"]
[Round "1"]
[White "MSchatz"]
[Black "Golsen"]
[Result "1-0"]
[WhiteElo "2038"]
[BlackElo "1643"]

1. e4 e5 2. Nf3 Nc6 3. Bc4 h6 4. Nc3 a6 5. d3 Bb4 6. Bd2 Nf6 7. O-O O-O 8. Nd5
Bxd2 9. Qxd2 Nxd5 10. Bxd5 Nd4 11. Nxe5 c6 12. Bb3 d6 13. Nc4 b5 14. Ne3 Qg5 15.
f4 Qh4 16. Qf2 Qh5 17. c3 Ne2+ 18. Kh1 Bg4 19. Nxg4 Qxg4 20. Bd1 Ng3+ 21. hxg3
Qg6 22. f5 Qg5 23. Qf4 Qf6 24. Bf3 Rfe8 25. Qh4 Qe5 26. Qf4 Qf6 27. Rf2 Rac8 28.
Raf1 c5 29. Bg4 c4 30. Be2 cxd3 31. Bxd3 Rc5 32. a3 d5 33. exd5 Rxd5 34. Bc2 a5
35. g4 Rde5 36. Bd3 Re3 37. Bxb5 R8e4 38. Qb8+ Kh7 39. Rf4 Qh4+ 40. Kg1 Re5 41.
Bc4 Re8 42. Qb6 f6 43. Be6 Re1 44. Qxa5 Rxf1+ 45. Rxf1 Qg3 46. Qb5 Qe3+ 47. Kh1
Re7 48. Qb8 Rxe6 49. fxe6 Qxe6 50. Qf4 Qe2 51. Rf2 Qd1+ 52. Kh2 1-0

[Event "AUTO-ADV-3117"]
[Site "http://www.queenalice.com/game.php?id=1270196"]
[Date "2014.4.3"]
[Round "1"]
[White "Golsen"]
[Black "MSchatz"]
[Result "0-1"]
[WhiteElo "1618"]
[BlackElo "2074"]

1. e4 e6 2. g3 d5 3. e5 Nc6 4. Nf3 Bc5 5. Bb5 Ne7 6. O-O Bd7 7. d4 Bb6 8. c3 a6
9. Bxc6 Bxc6 10. Ng5 Ng6 11. Qf3 Qe7 12. b3 O-O 13. Qh5 h6 14. Nf3 Kh7 15. Ng5+
Kg8 16. Nf3 Be8 17. Bxh6 gxh6 18. Qxh6 f5 19. Ng5 c6 20. Na3 Bd8 21. c4 Qxg5 22.
Qxg5 Bxg5 23. c5 Ne7 24. Rab1 Bh5 25. f4 Bh6 26. b4 Be2 27. Rf2 Bd3 28. Rbb2 Rf7
29. h4 Rg7 30. Kh2 Be4 31. h5 Kh7 32. Kh3 Rag8 33. Rb3 Kh8 34. Nb1 Bxb1 35. Rxb1
Rxg3+ 36. Kh2 R8g4 37. Kh1 Bxf4 38. Rh2 Rd3 39. Rg2 Rh4+ 40. Kg1 Be3+ 41. Rf2
Bxf2+ 42. Kxf2 Rdxd4 43. Rb3 Rd2+ 44. Ke3 Rxa2 45. Rd3 Rh3+ 46. Kd4 Rxd3+ 47.
Kxd3 f4 0-1